<?xml version="1.0" encoding="UTF-8"?>
<record
    xmlns:xsi="http://www.w3.org/2001/XMLSchema-instance"
    xsi:schemaLocation="http://www.loc.gov/MARC21/slim http://www.loc.gov/standards/marcxml/schema/MARC21slim.xsd"
    xmlns="http://www.loc.gov/MARC21/slim">

  <leader>02377nam a2200373 i 4500</leader>
  <controlfield tag="001">000028741</controlfield>
  <controlfield tag="003">DO-SdBNP</controlfield>
  <controlfield tag="005">20241114103130.0</controlfield>
  <controlfield tag="007">ta</controlfield>
  <controlfield tag="008">110412t1984    dr ac         001 0 spa d</controlfield>
  <datafield tag="040" ind1=" " ind2=" ">
    <subfield code="a">DO-SdBNP</subfield>
    <subfield code="b">spa</subfield>
    <subfield code="c">BNPHU</subfield>
    <subfield code="e">rda</subfield>
  </datafield>
  <datafield tag="049" ind1=" " ind2=" ">
    <subfield code="a">BNPD</subfield>
  </datafield>
  <datafield tag="082" ind1=" " ind2="4">
    <subfield code="a">384.55065</subfield>
    <subfield code="b">L865p</subfield>
    <subfield code="2">22</subfield>
  </datafield>
  <datafield tag="100" ind1="1" ind2=" ">
    <subfield code="a">Lora Medrano, Luis Eduardo,</subfield>
    <subfield code="d">1921-</subfield>
    <subfield code="e">autor</subfield>
    <subfield code="4">aut.</subfield>
    <subfield code="9">55737</subfield>
  </datafield>
  <datafield tag="245" ind1="1" ind2="0">
    <subfield code="a">Petan : </subfield>
    <subfield code="b">la Voz Dominicana, su gente ... sus cosas ... y sus cuentos /</subfield>
    <subfield code="c">Luis Eduardo Lora Medrano.</subfield>
  </datafield>
  <datafield tag="250" ind1=" " ind2=" ">
    <subfield code="a">Primera edici&#xF3;n</subfield>
  </datafield>
  <datafield tag="264" ind1=" " ind2="4">
    <subfield code="a">Santo Domingo :</subfield>
    <subfield code="b">Editora Tele 3,</subfield>
    <subfield code="c">1984.</subfield>
  </datafield>
  <datafield tag="300" ind1=" " ind2=" ">
    <subfield code="a">305 p&#xE1;ginas :</subfield>
    <subfield code="b">ilustraciones, retratos ;</subfield>
    <subfield code="c">21 cm.</subfield>
  </datafield>
  <datafield tag="336" ind1=" " ind2=" ">
    <subfield code="a">texto</subfield>
    <subfield code="b">txt</subfield>
    <subfield code="2">rdacontent</subfield>
  </datafield>
  <datafield tag="337" ind1=" " ind2=" ">
    <subfield code="a">sin mediaci&#xF3;n</subfield>
    <subfield code="b">n</subfield>
    <subfield code="2">rdamedia</subfield>
  </datafield>
  <datafield tag="338" ind1=" " ind2=" ">
    <subfield code="a">volumen</subfield>
    <subfield code="b">nc</subfield>
    <subfield code="2">rdacarrier</subfield>
  </datafield>
  <datafield tag="500" ind1=" " ind2=" ">
    <subfield code="a">Incluye datos biogr&#xE1;ficos del autor en la solapa.</subfield>
  </datafield>
  <datafield tag="505" ind1="0" ind2=" ">
    <subfield code="a">Dedicatoria --</subfield>
    <subfield code="t">Prefacio --</subfield>
    <subfield code="t">Palabras del autor --</subfield>
    <subfield code="t">Los agobiantes preparativos --</subfield>
    <subfield code="t">La primera &#xF3;pera: "La Traviata" --</subfield>
    <subfield code="t">Llegada de Pet&#xE1;n a Bonao --</subfield>
    <subfield code="t">Primer locutor --</subfield>
    <subfield code="t">Dos aniversarios --</subfield>
    <subfield code="t">Constituy&#xF3; un brillante acontecimiento social la celebraci&#xF3;n del banquete La Voz del Yuna --</subfield>
    <subfield code="t">Charlando con las hermanas Lagos --</subfield>
    <subfield code="t">La Voz del Yuna tributa homenaje a Eduardo Brito ante su tumba --</subfield>
    <subfield code="t">Organizaci&#xF3;n e higiene de ayer --</subfield>
    <subfield code="t">La Voz Dominicana --</subfield>
    <subfield code="t">En nuestros recuerdos --</subfield>
    <subfield code="t">El triunfo de La Voz del Yuna --</subfield>
    <subfield code="t">Aceves Mej&#xED;a, el compradito --</subfield>
    <subfield code="t">Dos glorias puertorrique&#xF1;as</subfield>
    <subfield code="t">La presunta madre de Bobby --</subfield>
    <subfield code="t">Las muchachas --</subfield>
    <subfield code="t">La &#xFA;nica camisa rota -</subfield>
    <subfield code="t">Semana aniversario --</subfield>
    <subfield code="t">Los reinados y desfiles --</subfield>
    <subfield code="t">Rumores --</subfield>
    <subfield code="t">Inv&#xE9;ntese el final, pero term&#xED;nela --</subfield>
    <subfield code="t">Los saludos al general --</subfield>
    <subfield code="t">Mucho dinero --</subfield>
    <subfield code="t">El pr&#xE9;stamo progresivo de Lincoln --</subfield>
    <subfield code="t">El general y el ascensor .</subfield>
  </datafield>
  <datafield tag="590" ind1=" " ind2=" ">
    <subfield code="a">Inventariado, 2024/BT</subfield>
  </datafield>
  <datafield tag="600" ind1="1" ind2="4">
    <subfield code="a">Trujillo Molina, Jos&#xE9; Arismendy,</subfield>
    <subfield code="c">Pet&#xE1;n,</subfield>
    <subfield code="d">1895-1969</subfield>
    <subfield code="9">55738</subfield>
  </datafield>
  <datafield tag="650" ind1=" " ind2="4">
    <subfield code="a">Teledifusi&#xF3;n</subfield>
    <subfield code="x">Historia</subfield>
    <subfield code="z">Rep&#xFA;blica Dominicana</subfield>
    <subfield code="9">34169</subfield>
  </datafield>
  <datafield tag="650" ind1=" " ind2="4">
    <subfield code="a">Televisi&#xF3;n en la pol&#xED;tica</subfield>
    <subfield code="x">Historia</subfield>
    <subfield code="z">Rep&#xFA;blica Dominicana</subfield>
    <subfield code="9">55739</subfield>
  </datafield>
  <datafield tag="650" ind1=" " ind2="4">
    <subfield code="a">Pol&#xED;tica y medios de comunicaci&#xF3;n de masas</subfield>
    <subfield code="x">Historia</subfield>
    <subfield code="x">Rep&#xFA;blica Dominicana</subfield>
    <subfield code="9">34344</subfield>
  </datafield>
  <datafield tag="650" ind1=" " ind2="4">
    <subfield code="a">Actores y actrices de televisi&#xF3;n</subfield>
    <subfield code="9">38634</subfield>
  </datafield>
  <datafield tag="710" ind1="2" ind2=" ">
    <subfield code="a">Radioemisora La Voz del Yuna (Bonao, Rep&#xFA;blica Dominicana)</subfield>
    <subfield code="9">55740</subfield>
  </datafield>
  <datafield tag="710" ind1="2" ind2=" ">
    <subfield code="a">Palacio Radiotelevisor La Voz Dominicana (Rep&#xFA;blica Dominicana)</subfield>
    <subfield code="9">55741</subfield>
  </datafield>
  <datafield tag="910" ind1=" " ind2=" ">
    <subfield code="a">Validado. Control de calidad EMS.</subfield>
  </datafield>
  <datafield tag="942" ind1=" " ind2=" ">
    <subfield code="2">ddc</subfield>
    <subfield code="c">LBS1</subfield>
  </datafield>
  <datafield tag="952" ind1=" " ind2=" ">
    <subfield code="0">0</subfield>
    <subfield code="1">0</subfield>
    <subfield code="2">ddc</subfield>
    <subfield code="5">1</subfield>
    <subfield code="7">0</subfield>
    <subfield code="8">PD</subfield>
    <subfield code="a">BNPHU</subfield>
    <subfield code="b">BNPHU</subfield>
    <subfield code="c">HD</subfield>
    <subfield code="d">2011-04-12</subfield>
    <subfield code="l">0</subfield>
    <subfield code="o">BNPHU PD 384.55065 L865p</subfield>
    <subfield code="p">28741-10</subfield>
    <subfield code="r">2020-06-25</subfield>
    <subfield code="w">2020-06-25</subfield>
    <subfield code="y">LBS1</subfield>
    <subfield code="Z">No se presta</subfield>
  </datafield>
  <datafield tag="952" ind1=" " ind2=" ">
    <subfield code="0">0</subfield>
    <subfield code="1">0</subfield>
    <subfield code="2">ddc</subfield>
    <subfield code="5">1</subfield>
    <subfield code="7">0</subfield>
    <subfield code="8">PD</subfield>
    <subfield code="a">BNPHU</subfield>
    <subfield code="b">BNPHU</subfield>
    <subfield code="c">HD</subfield>
    <subfield code="d">2024-11-14</subfield>
    <subfield code="e">Donado por la Presidencia de la Rep&#xFA;blica Dominicana 2023.</subfield>
    <subfield code="l">0</subfield>
    <subfield code="o">BNPHU PD 384.55065 L865p</subfield>
    <subfield code="p">2024-6421</subfield>
    <subfield code="r">2024-11-14</subfield>
    <subfield code="t">e.2</subfield>
    <subfield code="w">2024-11-14</subfield>
    <subfield code="y">LBS1</subfield>
    <subfield code="z">Perteneci&#xF3; a la biblioteca personal de Emilio Cordero Michel.</subfield>
  </datafield>
  <datafield tag="999" ind1=" " ind2=" ">
    <subfield code="c">28233</subfield>
    <subfield code="d">28233</subfield>
  </datafield>
</record>
